| 000 | 00868nac a22002897a 4500 | ||
|---|---|---|---|
| 001 | BR6003179 | ||
| 003 | BR-BrBNA | ||
| 005 | 20240105113053.0 | ||
| 008 | 230509b bl.|||m| |||| 00| 0 por d | ||
| 040 |
_aBR-BrBNA _bpor _cBiblioteca Nacional de Agricultura |
||
| 072 | _aF00; H10; H20 | ||
| 090 | _a1850 BR6003179 | ||
| 100 | 1 | _aMonte, O. | |
| 245 | 1 | _aCultura do tomateiro especialmente as pragas e doencas e seu tratamento | |
| 250 | 1 | _a8. ed. | |
| 260 | 3 |
_aSao Paulo, SP (Brasil): _bChacaras e Quintais, _c1953. |
|
| 300 | _a72 p. | ||
| 490 |
_aBiblioteca Agricola Popular Brasileira (Brazil) _v _x |
||
| 500 | _a42 ref. | ||
| 650 | _aTOMATE | ||
| 650 | _aPRATICA CULTURAL | ||
| 650 | _aDEFESA VEGETAL | ||
| 650 | _aCONTROLE QUIMICO | ||
| 650 | _aANALISE QUANTITATIVA | ||
| 909 |
_a202312 _bLúcia Elande _c55 _dLúcia Elande |
||
| 942 |
_2AGRIS _n0 _cMS |
||
| 999 |
_c261726 _d261726 |
||